| 000 | 01210cam a2200301 a 4500 | ||
|---|---|---|---|
| 999 |
_c128584 _d128584 |
||
| 001 | 16577067 | ||
| 003 | ARRUPE | ||
| 005 | 20181116084537.0 | ||
| 008 | 101213s2010 nyua 001 0 eng | ||
| 010 | _a 2010287390 | ||
| 020 | _a9780553805376 (hbk.) | ||
| 020 | _a9780553907070 (ebook) | ||
| 040 |
_aDLC _cDLC _dDLC |
||
| 042 | _apcc | ||
| 050 | 0 | 0 |
_aQC794.6.G7 _bH385 2011 |
| 082 | 0 | 0 |
_a530.142 _222 |
| 100 | 1 |
_aHawking, Stephen, _d1942-2018. _943491 |
|
| 245 | 1 | 4 |
_aThe grand design / _cStephen Hawking and Leonard Mlodinow. |
| 260 |
_aNew York : _bBantam Books, _cc2010. |
||
| 300 |
_a198 p. : _bill. (chiefly col.) ; _c24 cm. |
||
| 500 | _aIncludes index. | ||
| 505 | 0 | _aThe mystery of being -- The rule of law -- What is reality? -- Alternative histories -- The theory of everything -- Choosing our universe -- The apparent miracle -- The grand design. | |
| 650 | 0 |
_aUnified field theories _vPopular works. _943492 |
|
| 650 | 0 |
_aSuperstring theories _vPopular works. _943493 |
|
| 650 | 0 |
_aMathematical physics _vPopular works. _943494 |
|
| 700 | 1 |
_aMlodinow, Leonard, _d1954- _943495 |
|
| 906 |
_a7 _bcbc _corignew _d2 _encip _f20 _gy-gencatlg |
||
| 942 |
_2lcc _cMONOGRAPH |
||